| 000 | 00510nam a2200193Ia 4500 | ||
|---|---|---|---|
| 005 | 20240823033043.0 | ||
| 008 | 240823s9999||||xx |||||||||||||| ||und|| | ||
| 020 | _a81-239-0891-1 | ||
| 041 | _aENGLISH | ||
| 082 | _A629.28722 P4 | ||
| 100 | _aJoseph Heitner | ||
| 245 | 0 | _aAutomotive Mechanics Principles & Practices | |
| 250 | _a2nd | ||
| 260 |
_c2004 _b"CBS Publishers & Distributors,New " |
||
| 500 | _aYES | ||
| 650 |
_aAutomotive Engines _bAutomobile Engineering |
||
| 942 | _cBK | ||
| 999 |
_c194898 _d194898 |
||